Joueur ayant mis plus de 50 but en LDC - Mort subite - Statistiques

Statistiques générales
  • Ce quiz a été pris 974 fois
    373 depuis la dernière actualisation
  • Le résultat moyen est 4 sur 9
Answers on the Grid
Answers color-coded by a green-red scale on the quiz's grid according to % correct below.
Agüero
Benzema
Cavani
Chevtchenko
Cristiano Ronaldo
Lautaro Martínez
Di Stefano
Drogba
Gerd Müller
Griezmann
Haaland
Henry
Ibrahimovic
Inzaghi
Kane
Lewandowski
Mbappé
Messi
Neymar
Raùl
Thomas Müller
 
Statistiques - réponses
Réponse % Correct
140 Buts Cristiano Ronaldo
67%
129 Buts Messi
67%
90 Buts Benzema
60%
105 Buts Lewandowski
57%
64 Buts Mbappé
46%
71 Buts Raùl
36%
55 Buts Haaland
32%
50 Buts Henry
21%
57 Buts Thomas Müller
20%
Aucun quiz correspondant
Distribution des résultats
% des personnes avec chaque résultat
Percentile par nombre de réponses
Votre historique - résultats
Vous n’avez pas pris ce quiz depuis la dernière actualisation